[Event "Titled Tuesday intern op 08th Aug Early"]
[Site "Chess.com INT"]
[Date "2023.08.08"]
[Round "2"]
[White "Aepfler, Christian"]
[Black "Khandelwal, Ankush"]
[Result "0-1"]
[WhiteElo "2146"]
[BlackElo "2294"]
[PlyCount "78"]
[EventDate "2023.08.08"]
[EventType "swiss (blitz)"]
[EventRounds "11"]
[EventCountry "USA"]
[SourceTitle "EXT 2024"]
[Source "ChessBase"]
[SourceDate "2023.10.10"]
[SourceVersion "1"]
[SourceVersionDate "2023.10.10"]
[SourceQuality "1"]

1. e4 c5 2. c3 Nf6 3. e5 Nd5 4. Nf3 Nc6 5. d4 cxd4 6. cxd4 d6 7. Bc4 Nb6 8. Bb5 dxe5 9. Nxe5 Bd7 10. Bxc6 Bxc6 11. 0-0 g6 12. Nxc6 bxc6 13. Qc2 Rc8 14. Rd1 Bg7 15. Bf4 0-0 16. Be5 Bxe5 17. dxe5 Qc7 18. Qe2 Rfd8 19. Nc3 Nd5 20. Nxd5 Rxd5 21. Rxd5 cxd5 22. e6 Qc1+ 23. Rxc1 Rxc1+ 24. Qf1 Rxf1+ 25. Kxf1 fxe6 26. Ke2 Kf7 27. Ke3 e5 28. f4 exf4+ 29. Kxf4 Kf6 30. b4 e5+ 31. Ke3 Ke6 32. Kd3 Kd6 33. a4 Kc6 34. Ke3 a6 35. g4 g5 36. h3 d4+ 37. Ke4 Kd6 38. Kd3 Kd5 39. Kd2 Kc4 0-1

[Event "Titled Tuesday intern op 08th Aug Early"]
[Site "Chess.com INT"]
[Date "2023.08.08"]
[Round "6"]
[White "Aepfler, Christian"]
[Black "Kukreja, Sankalp"]
[Result "0-1"]
[WhiteElo "2146"]
[BlackElo "2158"]
[PlyCount "68"]
[EventDate "2023.08.08"]
[EventType "swiss (blitz)"]
[EventRounds "11"]
[EventCountry "USA"]
[SourceTitle "EXT 2024"]
[Source "ChessBase"]
[SourceDate "2023.10.10"]
[SourceVersion "1"]
[SourceVersionDate "2023.10.10"]
[SourceQuality "1"]

1. e4 c5 2. c3 d5 3. exd5 Qxd5 4. d4 Nc6 5. Nf3 cxd4 6. cxd4 e5 7. Nc3 Bb4 8. Bd2 Bxc3 9. Bxc3 e4 10. Ne5 Nxe5 11. dxe5 Ne7 12. Be2 0-0 13. 0-0 Be6 14. f3 Rfd8 15. Qa4 Qc5+ 16. Kh1 Nd5 17. Rac1 Nxc3 18. Rxc3 Qxe5 19. Qxe4 Qxe4 20. fxe4 Rd2 21. Bf3 Rxb2 22. a3 g6 23. e5 Rd8 24. Rc7 Rd7 25. Rxd7 Bxd7 26. h4 h5 27. Rc1 Rb3 28. Rc7 Be6 29. a4 Rb4 30. a5 Rxh4+ 31. Kg1 Ra4 32. Rc5 b6 33. axb6 axb6 34. Rb5 Ra5 0-1

[Event "Titled Tuesday intern op 08th Aug Early"]
[Site "Chess.com INT"]
[Date "2023.08.08"]
[Round "10"]
[White "Aepfler, Christian"]
[Black "Shubenkova, Veronika"]
[Result "0-1"]
[WhiteElo "2146"]
[BlackElo "2050"]
[PlyCount "48"]
[EventDate "2023.08.08"]
[EventType "swiss (blitz)"]
[EventRounds "11"]
[EventCountry "USA"]
[SourceTitle "EXT 2024"]
[Source "ChessBase"]
[SourceDate "2023.10.10"]
[SourceVersion "1"]
[SourceVersionDate "2023.10.10"]
[SourceQuality "1"]

1. e4 e6 2. d4 d5 3. Nd2 Nf6 4. e5 Nfd7 5. Bd3 c5 6. c3 Nc6 7. Ne2 a6 8. 0-0 b5 9. a3 Qb6 10. b4 c4 11. Bc2 a5 12. Bb2 Be7 13. f4 g6 14. Kh1 h5 15. Nf3 Bb7 16. Ng5 Nf8 17. h4 Nh7 18. Qb1 Nxg5 19. fxg5 Bd8 20. Bxg6 fxg6 21. Qxg6+ Kd7 22. Qg7+ Be7 23. Nf4 Rag8 24. Qf7 Nd8 0-1

[Event "Innsbruck op 5th"]
[Site "Innsbruck"]
[Date "2021.08.28"]
[Round "9"]
[White "Cafasso, Elia"]
[Black "Aepfler, Christian"]
[Result "1-0"]
[WhiteElo "1887"]
[BlackElo "2257"]
[PlyCount "65"]
[EventDate "2021.08.21"]
[EventType "swiss"]
[EventRounds "9"]
[EventCountry "AUT"]
[SourceTitle "CBM 204 Extra"]
[Source "ChessBase"]
[SourceDate "2021.11.30"]
[SourceVersion "1"]
[SourceVersionDate "2021.11.30"]
[SourceQuality "1"]

1. e4 d6 2. d4 Nf6 3. Nc3 c6 4. a4 a5 5. f4 g6 6. Nf3 Bg7 7. Bd3 0-0 8. 0-0 Na6 9. Qe1 Nb4 10. Qh4 Nxd3 11. cxd3 Ne8 12. g4 Nc7 13. Ne2 Na6 14. f5 e5 15. Ng5 h6 16. f6 hxg5 17. Bxg5 Bh8 18. Rf3 Qd7 19. Rg3 Nb4 20. Kf1 Qxg4 21. Rxg4 Bxg4 22. Qxg4 Rfe8 23. Kg1 exd4 24. Nf4 Nc2 25. Rc1 Ne3 26. Qh4 Re5 27. Ng2 Nxg2 28. Kxg2 Ra6 29. Rf1 Rb6 30. Rf3 Rxb2+ 31. Kg3 Rc5 32. Kf4 Rc1 33. Qh3 1-0

[Event "Innsbruck op 5th"]
[Site "Innsbruck"]
[Date "2021.08.24"]
[Round "5"]
[White "Katzir, Moshe"]
[Black "Aepfler, Christian"]
[Result "0-1"]
[WhiteElo "2134"]
[BlackElo "2257"]
[PlyCount "98"]
[EventDate "2021.08.21"]
[EventType "swiss"]
[EventRounds "9"]
[EventCountry "AUT"]
[SourceTitle "CBM 204 Extra"]
[Source "ChessBase"]
[SourceDate "2021.11.30"]
[SourceVersion "1"]
[SourceVersionDate "2021.11.30"]
[SourceQuality "1"]

1. e4 e6 2. Qe2 d5 3. exd5 Qxd5 4. Nc3 Qd8 5. Nf3 Nf6 6. g3 Be7 7. Bg2 0-0 8. 0-0 Nbd7 9. d4 c6 10. Rd1 Nb6 11. Ne5 Nbd5 12. Nb1 Re8 13. c4 Nb6 14. Nc3 Bd7 15. g4 h6 16. f4 Nh7 17. Qd3 Nf8 18. Ne4 f6 19. Nf3 Bc8 20. Qb3 Qc7 21. g5 f5 22. Ng3 c5 23. gxh6 gxh6 24. d5 exd5 25. cxd5 Bd6 26. Nh4 c4 27. Qf3 Qf7 28. Bh3 Ng6 29. Nhxf5 Bf8 30. Be3 Nh4 31. Qg4+ Ng6 32. Qh5 Kh7 33. Qf3 Nh4 34. Nxh4 Bxh3 35. Bxb6 axb6 36. f5 Rad8 37. Kh1 Bc5 38. Ne4 Qg7 39. Ng6 Qxb2 40. Nxc5 Re3 41. Na4 Qc2 42. Rac1 Qxc1 43. Rxc1 Rxf3 44. Rg1 Rxf5 45. Nxb6 Rd6 46. Nh4 Rxb6 47. Nxf5 Bxf5 48. Rg3 Be4+ 49. Kg1 Bxd5 0-1

[Event "Innsbruck op 5th"]
[Site "Innsbruck"]
[Date "2021.08.22"]
[Round "3"]
[White "Tiarks, Jann Christian"]
[Black "Aepfler, Christian"]
[Result "1-0"]
[WhiteElo "2104"]
[BlackElo "2257"]
[PlyCount "113"]
[EventDate "2021.08.21"]
[EventType "swiss"]
[EventRounds "9"]
[EventCountry "AUT"]
[SourceTitle "CBM 204 Extra"]
[Source "ChessBase"]
[SourceDate "2021.11.30"]
[SourceVersion "1"]
[SourceVersionDate "2021.11.30"]
[SourceQuality "1"]

1. e4 e6 2. d4 d5 3. exd5 exd5 4. Nf3 Bd6 5. Bd3 Ne7 6. 0-0 Bg4 7. Re1 Nbc6 8. c3 Qd7 9. Nbd2 0-0-0 10. b4 Nb8 11. Qc2 Ng6 12. h3 Be6 13. Nf1 Nf4 14. Bxf4 Bxf4 15. b5 h5 16. Ne5 Bxe5 17. Rxe5 Qd6 18. Rae1 Nd7 19. R5e3 Kb8 20. Bf5 Nf8 21. Nd2 Qf4 22. Bxe6 Nxe6 23. Rf3 Qh6 24. Rxf7 Rhf8 25. Rxf8 Rxf8 26. Nf1 b6 27. Qe2 Nf4 28. Qe7 Rc8 29. h4 Qh7 30. Qf7 Nd3 31. Re3 Nc1 32. Qxd5 Qc2 33. Qxh5 g6 34. Qf3 Qxa2 35. Qd1 Nb3 36. Qe2 Qa1 37. Qc2 Na5 38. Qxg6 Nc4 39. Re8 Nd2 40. Rxc8+ Kxc8 41. Qd3 Nxf1 42. Qxf1 Qxc3 43. Qd1 Qc4 44. Qg4+ Kb8 45. Qf5 a5 46. bxa6 Qxa6 47. Qf8+ Kb7 48. Qf3+ Kb8 49. Qf6 Qe2 50. f3 b5 51. h5 Kb7 52. h6 Qc2 53. Qg5 Qb1+ 54. Kh2 b4 55. Qe7 Qf5 56. Qxb4+ Kc6 57. Qd2 1-0

[Event "Titled Tuesday intern op 15st Dec"]
[Site "Chess.com INT"]
[Date "2020.12.15"]
[Round "1"]
[White "Aditya, Mittal"]
[Black "Aepfler, Christian"]
[Result "1-0"]
[WhiteElo "2438"]
[BlackElo "2257"]
[PlyCount "153"]
[EventDate "2020.12.15"]
[EventType "swiss (blitz)"]
[EventRounds "11"]
[EventCountry "USA"]
[SourceTitle "CBM 199 Extra"]
[Source "ChessBase"]
[SourceDate "2021.01.31"]
[SourceVersion "1"]
[SourceVersionDate "2021.01.31"]
[SourceQuality "1"]

1. Nf3 e6 2. g3 d5 3. Bg2 Nf6 4. 0-0 Be7 5. c4 0-0 6. b3 b6 7. Bb2 Bb7 8. d3 Nbd7 9. Nbd2 Rc8 10. Qc2 c5 11. e3 Qc7 12. Rfe1 Rfe8 13. Rad1 Rcd8 14. d4 cxd4 15. Nxd4 a6 16. h3 Rc8 17. Rc1 dxc4 18. Qxc4 Qxc4 19. Rxc4 Bxg2 20. Kxg2 Rxc4 21. Nxc4 Rc8 22. a4 Ne4 23. Rd1 Nec5 24. Ba3 Kf8 25. h4 Ke8 26. h5 h6 27. Bb2 Nxb3 28. Nxb3 Rxc4 29. Bxg7 Bf8 30. Rxd7 Bxg7 31. Rb7 Rb4 32. Nd2 b5 33. axb5 Rxb5 34. Ra7 a5 35. Ne4 Be5 36. f4 Bb8 37. Nf6+ Kf8 38. Nd7+ Kg7 39. Nxb8 Rxb8 40. Rxa5 Rb3 41. Kf3 Kf6 42. g4 Rb1 43. g5+ Kg7 44. Ra7 Rh1 45. g6 Rxh5 46. gxf7 Rf5 47. Re7 Rf6 48. Kg4 Kf8 49. Ra7 Rxf7 50. Ra6 Ke7 51. Kh5 Rg7 52. Ra7+ Kf6 53. Ra6 Rg3 54. e4 Rh3+ 55. Kg4 Rh1 56. f5 Rg1+ 57. Kf3 Rf1+ 58. Ke2 Rf4 59. Rxe6+ Kf7 60. Ke3 Rf1 61. Rxh6 Re1+ 62. Kf4 Kg7 63. Rg6+ Kf7 64. Ke5 Ra1 65. Rf6+ Ke7 66. Re6+ Kf7 67. Rf6+ Ke7 68. Re6+ Kf7 69. Kf4 Rf1+ 70. Ke3 Re1+ 71. Kd3 Ra1 72. Rb6 Ra3+ 73. Kd4 Ra4+ 74. Ke5 Ra5+ 75. Kf4 Ra1 76. Rb7+ Kf6 77. e5# 1-0

[Event "Titled Tuesday intern op 15st Dec"]
[Site "Chess.com INT"]
[Date "2020.12.15"]
[Round "8"]
[White "Aepfler, Christian"]
[Black "Gogolev, Artem"]
[Result "0-1"]
[WhiteElo "2257"]
[BlackElo "2306"]
[PlyCount "76"]
[EventDate "2020.12.15"]
[EventType "swiss (blitz)"]
[EventRounds "11"]
[EventCountry "USA"]
[SourceTitle "CBM 199 Extra"]
[Source "ChessBase"]
[SourceDate "2021.01.31"]
[SourceVersion "1"]
[SourceVersionDate "2021.01.31"]
[SourceQuality "1"]

1. e4 c5 2. c3 d5 3. exd5 Qxd5 4. d4 Nc6 5. Nf3 Nf6 6. Be2 e6 7. Na3 Qd8 8. Nc2 Be7 9. 0-0 0-0 10. dxc5 Bxc5 11. Qxd8 Rxd8 12. Be3 Be7 13. Rfd1 Bd7 14. Bd4 Rac8 15. Ne5 Nxd4 16. Nxd4 Be8 17. Bf3 Bd6 18. Ng4 Nxg4 19. Bxg4 Bc5 20. Nxe6 fxe6 21. Bxe6+ Kf8 22. Bxc8 Rxc8 23. Rd5 Bf7 24. Rd2 Re8 25. b4 Be7 26. a4 Bf6 27. Rc2 Bb3 28. Rcc1 Rc8 29. Ra3 Bc4 30. g3 Rd8 31. Rc2 Rd1+ 32. Kg2 Bd5+ 33. f3 Rd3 34. Rf2 a6 35. b5 a5 36. b6 Be7 37. Ra1 Bc5 38. Re2 Bxf3+ 0-1

[Event "Titled Tuesday intern op 15st Dec"]
[Site "Chess.com INT"]
[Date "2020.12.15"]
[Round "7"]
[White "Aepfler, Christian"]
[Black "Purtseladze, Maka"]
[Result "1-0"]
[WhiteElo "2257"]
[BlackElo "2274"]
[PlyCount "91"]
[EventDate "2020.12.15"]
[EventType "swiss (blitz)"]
[EventRounds "11"]
[EventCountry "USA"]
[SourceTitle "CBM 199 Extra"]
[Source "ChessBase"]
[SourceDate "2021.01.31"]
[SourceVersion "1"]
[SourceVersionDate "2021.01.31"]
[SourceQuality "1"]

1. e4 Nf6 2. e5 Nd5 3. Nf3 d6 4. d4 Bg4 5. Be2 e6 6. h3 Bh5 7. 0-0 Be7 8. c4 Nb6 9. b3 0-0 10. Bb2 a5 11. a4 Na6 12. Nbd2 Nb4 13. Ne4 d5 14. Ng3 Bg6 15. c5 Nd7 16. Rc1 b6 17. cxb6 Nxb6 18. Qd2 Rc8 19. Bc3 c5 20. Bxb4 cxb4 21. Ba6 Rxc1 22. Rxc1 Qa8 23. Bb5 Rc8 24. Ne2 h6 25. Bd3 Bxd3 26. Qxd3 Rxc1+ 27. Nxc1 Qc6 28. Ne2 Nc4 29. Qc2 Qa6 30. bxc4 dxc4 31. Nd2 c3 32. Nb3 g6 33. Nec1 Qc4 34. Qd3 Qxd3 35. Nxd3 Bd8 36. Kf1 g5 37. g4 Kf8 38. Ke2 Ke7 39. Ke3 Kd7 40. Ke4 Kc6 41. f3 Bc7 42. Ne1 Bb6 43. Nc2 Bc7 44. Ne3 Bb6 45. Nc4 Kc7 46. Kd3 1-0

[Event "Titled Tuesday intern op 15st Dec"]
[Site "Chess.com INT"]
[Date "2020.12.15"]
[Round "2"]
[White "Aepfler, Christian"]
[Black "Vlassov, Nikolai"]
[Result "0-1"]
[WhiteElo "2257"]
[BlackElo "2331"]
[PlyCount "60"]
[EventDate "2020.12.15"]
[EventType "swiss (blitz)"]
[EventRounds "11"]
[EventCountry "USA"]
[SourceTitle "CBM 199 Extra"]
[Source "ChessBase"]
[SourceDate "2021.01.31"]
[SourceVersion "1"]
[SourceVersionDate "2021.01.31"]
[SourceQuality "1"]

1. e4 c5 2. c3 Nf6 3. e5 Nd5 4. Nf3 d6 5. d4 cxd4 6. cxd4 Nc6 7. Bc4 dxe5 8. dxe5 Nb6 9. Qxd8+ Nxd8 10. Bb3 Bg4 11. Nc3 e6 12. 0-0 Nc6 13. Nb5 Rc8 14. Bf4 Bxf3 15. gxf3 a6 16. Nc3 Nd4 17. Bd1 Bb4 18. Be3 Rd8 19. Ne4 Nc4 20. b3 Nxe5 21. Kg2 0-0 22. Rc1 Ndc6 23. f4 Nd3 24. Rb1 Be7 25. Bf3 Nd4 26. Bxd4 Rxd4 27. Kg3 f5 28. Ng5 Nxf4 29. h4 b5 30. Rfe1 Bd6 0-1

[Event "Titled Tuesday intern op 15st Dec"]
[Site "Chess.com INT"]
[Date "2020.12.15"]
[Round "5"]
[White "Muzzi, Eduardo"]
[Black "Aepfler, Christian"]
[Result "0-1"]
[WhiteElo "1931"]
[BlackElo "2257"]
[PlyCount "102"]
[EventDate "2020.12.15"]
[EventType "swiss (blitz)"]
[EventRounds "11"]
[EventCountry "USA"]
[SourceTitle "CBM 199 Extra"]
[Source "ChessBase"]
[SourceDate "2021.01.31"]
[SourceVersion "1"]
[SourceVersionDate "2021.01.31"]
[SourceQuality "1"]

1. e4 e6 2. d4 d5 3. e5 c5 4. Nf3 Qb6 5. Bd3 cxd4 6. 0-0 Bd7 7. Re1 h6 8. a3 Ne7 9. Bf4 Bb5 10. Bxb5+ Qxb5 11. Qxd4 Nbc6 12. Qd2 Ng6 13. Nc3 Qc4 14. Bg3 Rc8 15. b3 Qa6 16. Nxd5 exd5 17. e6 Rd8 18. exf7+ Kxf7 19. Qe3 Nce7 20. Nd4 Qf6 21. Rad1 Nf5 22. Nxf5 Qxf5 23. Qxa7 Rd7 24. c4 Be7 25. c5 d4 26. b4 Rhd8 27. Qb6 Qf6 28. Qb5 d3 29. Re3 d2 30. Rf3 Qxf3 31. gxf3 Bf6 32. Bf4 Nxf4 33. Qc4+ Ne6 34. f4 Rd5 35. f5 Rxf5 36. b5 Rfd5 37. c6 bxc6 38. bxc6 Rc5 39. Qb3 Rc8 40. Rxd2 R5xc6 41. Rd7+ Kg6 42. Qb7 Kh7 43. Rf7 Ng5 44. Rd7 Nf3+ 45. Kg2 Ne5 46. Kg3 Nxd7 47. Qxd7 R6c7 48. Qd6 Kh8 49. Qd3 Rc3 50. Qxc3 Rxc3+ 51. f3 Rxa3 0-1

[Event "Titled Tuesday intern op 15st Dec"]
[Site "Chess.com INT"]
[Date "2020.12.15"]
[Round "11"]
[White "Primbetov, Kazbek"]
[Black "Aepfler, Christian"]
[Result "1-0"]
[WhiteElo "2207"]
[BlackElo "2257"]
[PlyCount "97"]
[EventDate "2020.12.15"]
[EventType "swiss (blitz)"]
[EventRounds "11"]
[EventCountry "USA"]
[SourceTitle "CBM 199 Extra"]
[Source "ChessBase"]
[SourceDate "2021.01.31"]
[SourceVersion "1"]
[SourceVersionDate "2021.01.31"]
[SourceQuality "1"]

1. d4 d6 2. c4 e5 3. Nf3 Nd7 4. Nc3 Ngf6 5. e4 Be7 6. Be2 0-0 7. 0-0 a5 8. Re1 exd4 9. Nxd4 Nc5 10. Bf1 Re8 11. f3 c6 12. Be3 Qc7 13. Qd2 Bd7 14. Rad1 Rad8 15. Qf2 Bc8 16. Nb3 Nfd7 17. Nd4 Ne5 18. h3 Ned7 19. Nf5 Bf8 20. Bd4 Ne5 21. Qg3 Bxf5 22. exf5 f6 23. f4 Ned7 24. Qf2 Kh8 25. g4 Qc8 26. h4 Rxe1 27. Rxe1 Re8 28. h5 h6 29. Bg2 Rxe1+ 30. Qxe1 Qd8 31. Qe3 Qe7 32. Kf2 Qxe3+ 33. Kxe3 Kg8 34. b3 Kf7 35. Kd2 Be7 36. Kc2 Bd8 37. a3 Bb6 38. Ne2 Ke7 39. Bc3 Na6 40. Nd4 Nf8 41. Bf3 Bc7 42. b4 axb4 43. axb4 Bb6 44. b5 Bxd4 45. bxa6 Ba7 46. axb7 Kd7 47. g5 Nh7 48. g6 Nf8 49. Bxf6 1-0

[Event "Titled Tuesday intern op 01st Dec"]
[Site "Chess.com INT"]
[Date "2020.12.01"]
[Round "2"]
[White "Aepfler, Christian"]
[Black "Abdisalimov, Abdimalik"]
[Result "0-1"]
[WhiteElo "2257"]
[BlackElo "2392"]
[PlyCount "54"]
[EventDate "2020.12.01"]
[EventType "swiss (blitz)"]
[EventRounds "11"]
[EventCountry "USA"]
[SourceTitle "CBM 199 Extra"]
[Source "ChessBase"]
[SourceDate "2021.01.31"]
[SourceVersion "1"]
[SourceVersionDate "2021.01.31"]
[SourceQuality "1"]

1. e4 e5 2. Nf3 Nc6 3. Nc3 Nf6 4. Bb5 Bb4 5. 0-0 0-0 6. d3 d6 7. Bg5 Bxc3 8. bxc3 Ne7 9. Nh4 Ng6 10. Nxg6 hxg6 11. Bc4 Qe8 12. Bxf6 gxf6 13. f4 b5 14. Bb3 a5 15. a3 exf4 16. Rxf4 a4 17. Ba2 Qe5 18. Qd2 Be6 19. d4 Qg5 20. h4 Qh5 21. Qf2 Bxa2 22. Rxa2 Qd1+ 23. Kh2 Qb1 24. Rxf6 Qxa2 25. h5 Kg7 26. h6+ Kxh6 27. Rf3 Kg7 0-1

[Event "Titled Tuesday intern op 01st Dec"]
[Site "Chess.com INT"]
[Date "2020.12.01"]
[Round "5"]
[White "Coelho, Ramyres Santana"]
[Black "Aepfler, Christian"]
[Result "0-1"]
[WhiteElo "1981"]
[BlackElo "2257"]
[PlyCount "82"]
[EventDate "2020.12.01"]
[EventType "swiss (blitz)"]
[EventRounds "11"]
[EventCountry "USA"]
[SourceTitle "CBM 199 Extra"]
[Source "ChessBase"]
[SourceDate "2021.01.31"]
[SourceVersion "1"]
[SourceVersionDate "2021.01.31"]
[SourceQuality "1"]

1. e4 e6 2. d4 d5 3. Nc3 dxe4 4. Nxe4 Bd7 5. Be3 Bc6 6. Bd3 Nd7 7. Nf3 Ngf6 8. Nxf6+ Qxf6 9. Qe2 Bxf3 10. gxf3 0-0-0 11. h4 h6 12. 0-0-0 Bd6 13. Be4 Nb6 14. c4 Bf4 15. c5 Nd5 16. Bxd5 Rxd5 17. Kb1 Rhd8 18. Rd3 Bxe3 19. fxe3 e5 20. Rhd1 Qxh4 21. dxe5 Rxd3 22. Rxd3 Rxd3 23. Qxd3 Qe1+ 24. Kc2 Qf2+ 25. Kc3 Qxf3 26. Qd4 Qf5 27. b4 a6 28. a4 f6 29. exf6 Qxf6 30. Qxf6 gxf6 31. Kd4 Kd7 32. b5 c6 33. bxa6 bxa6 34. a5 Ke6 35. Ke4 f5+ 36. Kf4 Kf6 37. e4 fxe4 38. Kxe4 Ke6 39. Kd4 Kf5 40. Kd3 Ke5 41. Ke3 Kd5 0-1

[Event "Titled Tuesday intern op 01st Dec"]
[Site "Chess.com INT"]
[Date "2020.12.01"]
[Round "3"]
[White "De Souza Sa, Apolo"]
[Black "Aepfler, Christian"]
[Result "1/2-1/2"]
[WhiteElo "1920"]
[BlackElo "2257"]
[PlyCount "127"]
[EventDate "2020.12.01"]
[EventType "swiss (blitz)"]
[EventRounds "11"]
[EventCountry "USA"]
[SourceTitle "CBM 199 Extra"]
[Source "ChessBase"]
[SourceDate "2021.01.31"]
[SourceVersion "1"]
[SourceVersionDate "2021.01.31"]
[SourceQuality "1"]

1. d4 d6 2. c4 e5 3. Nf3 Nd7 4. dxe5 dxe5 5. Nc3 c6 6. g3 Ngf6 7. Bg2 Be7 8. 0-0 0-0 9. a3 a5 10. Rb1 Qc7 11. b4 axb4 12. axb4 Re8 13. Qb3 Nf8 14. Nd2 Ne6 15. e3 Nf8 16. Nde4 Ng6 17. b5 Nxe4 18. Bxe4 Be6 19. Rd1 Reb8 20. b6 Qc8 21. Na4 Ra6 22. Bb2 Rba8 23. Ra1 f6 24. h4 Nf8 25. Bc3 Nd7 26. Bb4 Nc5 27. Bxc5 Bxc5 28. Rd2 Bxb6 29. Qc2 h6 30. Rdd1 Qf8 31. Qc3 Bc5 32. Nxc5 Qxc5 33. Rab1 b6 34. Qb4 Qxb4 35. Rxb4 c5 36. Bxa8 cxb4 37. Bd5 Bxd5 38. Rxd5 Ra1+ 39. Kg2 Rc1 40. Rd6 Rxc4 41. Rxb6 h5 42. Rb7 Kh7 43. Kf3 Kg6 44. Ke2 e4 45. Kd2 Kf5 46. Ke1 g5 47. Kf1 Kg4 48. hxg5 fxg5 49. Kg2 h4 50. gxh4 Kxh4 51. Rh7+ Kg4 52. Rb7 Kf5 53. Rf7+ Ke5 54. Rg7 Kf6 55. Rb7 Ke6 56. Rb5 Kf6 57. Kg3 Kg6 58. Kg4 Rc2 59. Rb6+ Kf7 60. Rxb4 Rxf2 61. Rxe4 Kf6 62. Rd4 Rf1 63. Kg3 Rg1+ 64. Kf2 1/2-1/2

[Event "Titled Tuesday intern op 01st Dec"]
[Site "Chess.com INT"]
[Date "2020.12.01"]
[Round "10"]
[White "Orozbaev, Eldiar"]
[Black "Aepfler, Christian"]
[Result "1-0"]
[WhiteElo "1973"]
[BlackElo "2257"]
[PlyCount "111"]
[EventDate "2020.12.01"]
[EventType "swiss (blitz)"]
[EventRounds "11"]
[EventCountry "USA"]
[SourceTitle "CBM 199 Extra"]
[Source "ChessBase"]
[SourceDate "2021.01.31"]
[SourceVersion "1"]
[SourceVersionDate "2021.01.31"]
[SourceQuality "1"]

1. e4 e6 2. d4 d5 3. exd5 exd5 4. Nc3 Nf6 5. Bd3 Be7 6. Nge2 0-0 7. Bg5 c6 8. Qd2 Re8 9. 0-0-0 Ne4 10. Bxe7 Qxe7 11. Bxe4 dxe4 12. Ng3 f5 13. Rde1 Bd7 14. Nh5 Na6 15. g4 Nc7 16. gxf5 Bxf5 17. Rhg1 Bg6 18. Nf4 Qf7 19. Nxg6 hxg6 20. Kb1 Rad8 21. Rxe4 Rxe4 22. Nxe4 Qd5 23. f3 Qxd4 24. Qc1 Ne6 25. Rxg6 Qe5 26. a3 Qf5 27. Rg3 Nd4 28. Qh6 Ne6 29. Qe3 c5 30. Qb3 Kf8 31. Qxb7 Rd1+ 32. Ka2 Qd5+ 33. Qxd5 Rxd5 34. Rg6 Kf7 35. Rg1 Rh5 36. Rd1 Ke7 37. Rd2 Rh3 38. Re2 Kd7 39. Ng3 Nd4 40. Rd2 Kc6 41. f4 Nf3 42. Rf2 Nxh2 43. Nf5 Ng4 44. Rg2 Ne3 45. Nxe3 Rxe3 46. Rxg7 Kb6 47. f5 Rf3 48. Rf7 a5 49. b3 Kc6 50. Rf6+ Kd5 51. Rf8 c4 52. f6 cxb3+ 53. cxb3 Rf2+ 54. Kb1 Rf3 55. f7 Rxb3+ 56. Ka2 1-0

[Event "Titled Tuesday intern op 24th Nov"]
[Site "Chess.com INT"]
[Date "2020.11.24"]
[Round "10"]
[White "Aepfler, Christian"]
[Black "Karas, Marek"]
[Result "0-1"]
[WhiteElo "2257"]
[BlackElo "2196"]
[PlyCount "32"]
[EventDate "2020.11.24"]
[EventType "swiss (blitz)"]
[EventRounds "11"]
[EventCountry "USA"]
[SourceTitle "CBM 199 Extra"]
[Source "ChessBase"]
[SourceDate "2021.01.31"]
[SourceVersion "1"]
[SourceVersionDate "2021.01.31"]
[SourceQuality "1"]

1. e4 e5 2. Nf3 Nf6 3. Nc3 Bc5 4. Nxe5 Nc6 5. Nf3 d5 6. exd5 Nxd5 7. Nxd5 Qxd5 8. Be2 Bg4 9. 0-0 0-0 10. c3 Qh5 11. h3 Bxh3 12. gxh3 Qxh3 13. d4 Bd6 14. Re1 Rae8 15. Bg5 h6 16. Be3 Re6 0-1

[Event "Titled Tuesday intern op 24th Nov"]
[Site "Chess.com INT"]
[Date "2020.11.24"]
[Round "5"]
[White "Aepfler, Christian"]
[Black "Omariev, Maksim"]
[Result "1/2-1/2"]
[WhiteElo "2257"]
[BlackElo "2304"]
[PlyCount "190"]
[EventDate "2020.11.24"]
[EventType "swiss (blitz)"]
[EventRounds "11"]
[EventCountry "USA"]
[SourceTitle "CBM 199 Extra"]
[Source "ChessBase"]
[SourceDate "2021.01.31"]
[SourceVersion "1"]
[SourceVersionDate "2021.01.31"]
[SourceQuality "1"]

1. e4 c5 2. c3 Nf6 3. e5 Nd5 4. Nf3 Nc6 5. d4 cxd4 6. cxd4 d6 7. Bc4 e6 8. 0-0 Be7 9. Qe2 0-0 10. Rd1 a6 11. h3 b5 12. Bxd5 exd5 13. Nc3 Be6 14. Bf4 Rc8 15. Rac1 Qd7 16. b3 h6 17. Qd2 Rfd8 18. exd6 Bxd6 19. Bxd6 Qxd6 20. Qe3 Ne7 21. Ne2 Bf5 22. Ng3 Bc2 23. Re1 Nf5 24. Nxf5 Bxf5 25. Qe5 Qxe5 26. Nxe5 Kf8 27. g4 Bh7 28. Nd7+ Kg8 29. Nc5 a5 30. a3 Bg6 31. f3 f6 32. Kf2 Bf7 33. Re7 Re8 34. Rce1 Kf8 35. Rxe8+ Bxe8 36. Ne6+ Kf7 37. Nc5 Bc6 38. h4 g6 39. f4 g5 40. Kg3 Re8 41. Rxe8 Kxe8 42. b4 axb4 43. axb4 Kf7 44. hxg5 hxg5 45. fxg5 fxg5 46. Nd3 Kf6 47. Ne5 Be8 48. Nf3 Kg6 49. Ne1 Kf6 50. Nd3 Bd7 51. Kf3 Be8 52. Ne5 Ke6 53. Kg3 Kf6 54. Nf3 Bd7 55. Nd2 Be8 56. Nb3 Ke6 57. Na5 Kd6 58. Nb7+ Ke6 59. Nc5+ Kf6 60. Kf3 Bc6 61. Nb3 Bd7 62. Nc1 Bc8 63. Na2 Bd7 64. Nc3 Bc6 65. Kg3 Ke6 66. Ne2 Kf6 67. Ng1 Bd7 68. Nf3 Be8 69. Ne5 Ke6 70. Kf3 Kf6 71. Nd3 Bd7 72. Nc1 Bc8 73. Ne2 Bd7 74. Kg3 Ke6 75. Ng1 Kf6 76. Nh3 Kg6 77. Nf2 Be8 78. Nd3 Kf6 79. Nc1 Ke6 80. Nb3 Bc6 81. Kf3 Kf6 82. Na1 Ke6 83. Nc2 Kd6 84. Ne3 Ke6 85. Nf5 Kf6 86. Ng3 Kg6 87. Nh1 Kf6 88. Nf2 Bd7 89. Nd3 Be6 90. Ne5 Kg7 91. Kg3 Kf6 92. Nc6 Bd7 93. Na5 Be8 94. Nb3 Bc6 95. Na1 Bd7 1/2-1/2

[Event "Titled Tuesday intern op 21st April"]
[Site "Chess.com INT"]
[Date "2020.04.21"]
[Round "7"]
[White "Aepfler, Christian"]
[Black "Auger, Michael W"]
[Result "0-1"]
[WhiteElo "2257"]
[BlackElo "2146"]
[PlyCount "33"]
[EventDate "2020.04.21"]
[EventType "swiss (blitz)"]
[EventRounds "10"]
[EventCountry "USA"]
[SourceTitle "EXT 2021"]
[Source "ChessBase"]
[SourceDate "2020.10.23"]
[SourceVersion "1"]
[SourceVersionDate "2020.10.23"]
[SourceQuality "1"]

1. e4 c5 2. c3 Nf6 3. e5 Nd5 4. Nf3 Nc6 5. d4 cxd4 6. cxd4 d6 7. Bc4 e6 8. 0-0 Be7 9. Qe2 0-0 10. Rd1 Bd7 11. h3 Re8 12. Bxd5 exd5 13. Nc3 Be6 14. Bf4 dxe5 15. Bxe5 Nxe5 16. Nxe5 Bg5 17. Qg4 0-1